000 00394nam a22001577a 4500
003 OSt
008 200710b ||||| |||| 00| 0 eng d
082 _a615.1 BOF
100 _aBothara, K. G. and Bothara
245 _aFundamentals of Pharmacology
250 _a2018
260 _a Parkashan New Delhi
_bNirali Parkashan
_c2018
300 _a30.22
650 _aPharmacology
942 _2ddc
_cBK
999 _c8759
_d8759